• 首页
  • 本馆介绍
  • 公告通知
  • 最新文献
  • 馆藏检索
  • 电子资源
  • 读者导购
  • 参考咨询
  • 我的图书馆
  • 登录
  • 详细信息显示
  • 放入我的书架
  • 预约/预借图书
  • 作者相关作品
  • 分类相关作品
  • 丛书相关作品
  • 出版社相关作品

书目信息

  • 表格格式
  • 工作单格式
  • 卡片格式
题名:
集装箱运输与海关监管
    
 
作者: 赵宏 编著
分册:  
出版信息: 北京   中国海关出版社  2009
页数: 179页
开本: 24cm
丛书名:
单 册:
中图分类: U169
科图分类:
主题词: 集装箱运输
电子资源:
ISBN: 978-7-80165-559-2
000 00936nam0 2200253 45
001 1029959374
005 20100429095521.35
010    @a978-7-80165-559-2@dCNY23.00
100    @a20100420d2009 em y0chiy50 ea
101 0  @achi
102    @aCN@b110000
105    @ay z 000yy
106    @ar
200 1  @a集装箱运输与海关监管@AJi Zhuang Xiang Yun Shu Yu Hai Guan Jian Guan@f赵宏编著@FZhao Hong Bian Zhu
210    @a北京@c中国海关出版社@d2009
215    @a179页@c图@d24cm
312    @a封面英文题名:Container transport and customs supervision
330    @a本书内容包括:集装箱的基本知识、国际运输中海关对集装箱及其所装货物的监管、集装箱货物装卸时如何确保相关人员的劳动安全、海关对进出境船舶的监管等。
510 1  @aContainer transport and customs supervision@zeng
606 0  @a集装箱运输
690    @aU169@v4
701  0 @a赵宏@AZhao Hong@g(海关)@4编著
801  0 @aCN@bTANGWEI@c20100429
905    @b0594876-80@dU169@e200@f5
    
    集装箱运输与海关监管/赵宏编著.-北京:中国海关出版社,2009
    179页:图;24cm
    
    
    ISBN 978-7-80165-559-2:CNY23.00
    本书内容包括:集装箱的基本知识、国际运输中海关对集装箱及其所装货物的监管、集装箱货物装卸时如何确保相关人员的劳动安全、海关对进出境船舶的监管等。
●
相关链接 在E读中查询图书 在五车中查询图书 在当当中查询图书 在豆瓣中查询图书


正题名:集装箱运输与海关监管     索取号:U169/200         预约/预借

序号 登录号 条形码 馆藏地/架位号 状态 备注
1 0594876   205948769   第二样本阅览室/ [索取号:U169/200] 在馆    
2 0594877   205948778   第三借阅区/ [索取号:U169/200] 在馆    
3 0594878   205948787   第三借阅区/ [索取号:U169/200] 在馆    
4 0594879   205948796   第三借阅区/ [索取号:U169/200] 在馆    
5 0594880   205948803   第三借阅区/ [索取号:U169/200] 在馆    
唐山师范学院图书馆 欢迎您!
大连网信软件有限公司© 版权所有